| 000 | 00702nam a2200205 a 4500 | ||
|---|---|---|---|
| 001 | 000007085 | ||
| 005 | 20200929154049.0 | ||
| 008 | 090904s2003 dr 000 0 spa d | ||
| 020 | _a9993498718 | ||
| 040 |
_aDO-SdBNP _bspa _cBNPHU |
||
| 082 |
_axxxxx _bP349r |
||
| 100 | 1 |
_aPeña Jiménez, Luis _919685 |
|
| 245 | 1 | 0 |
_aRefranes y frases famosas : _bfuente de sabiduría / _cLuis Peña Jiménez ; editor Rafael Gonell ; corrección Ricardo Wagner. |
| 260 |
_aSanto Domingo : _bGonell's Enterprise, _c2003. |
||
| 300 |
_a215 p. ; _c21 cm. |
||
| 490 | 1 | _aFuente de sabiduría | |
| 700 | 1 |
_aGonell, Rafael, _eed. _919686 |
|
| 700 | 1 |
_aWagner, Ricardo, _ecorr. _919687 |
|
| 830 | 0 |
_aFuente de sabiduría _919688 |
|
| 999 |
_c6866 _d6866 |
||